Riconosci il Pokémon - Quiz n°785 - Statistics

Statistiche generali
  • Questo quiz è stato fatto 1 volte
  • Il punteggio medio è 0 su 10
Statistiche sulle risposte
Indizio Riposta % Corretto
Altezza 1,4 m
0%
Tasso di cattura 200 (36.6%)
0%
Peso 27,0 kg
0%
Sesso 50% ♂, 50% ♀
0%
Pokémon Carnivine
0%
Tipo Erba
0%
Tasso di allevamento Lento
0%
Abilità Levitazione
0%
Stadio evoluzione Non si evolve
0%
Generazione Quinta
0%
Nessun quiz corrispondente trovato
Distribuzione punteggi
Percentuale di utenti per punteggio
Percentile per numero di risposta
I tuoi punteggi nel tempo
Non hai fatto questo quiz